| 000 | 01147nam0a2200325 4500 | ||
|---|---|---|---|
| 001 | RU\NLR\bibl\1874645 | ||
| 005 | 20250616191541.0 | ||
| 010 |
_a978-5-699-54202-4 _92000 |
||
| 021 |
_aRU _b2012-4427 _936д/12 |
||
| 035 | _a(nilc)LIBNET\0000210885 | ||
| 035 | _a(NLR Aleph) 001864456 | ||
| 090 |
_a2576148 _c2576148 |
||
| 100 | _a20120216d2012 |||y0rusy50 ca | ||
| 101 | 1 |
_arus _ceng |
|
| 102 | _aRU | ||
| 105 | _ay ||||||||| | ||
| 200 | 1 |
_aВолчье море _fРоберт Лоу _g[пер. с англ. Б. Сыркова] |
|
| 210 |
_aМосква _cЭксмо _aСанкт-Петербург _cМидгард _d2012 |
||
| 215 |
_a349, [1] с. _d22 |
||
| 225 | 1 | _aИсторический роман | |
| 686 |
_a84(4Вел) _vLBC/RL _2rubbk |
||
| 686 | _aШ6(4Вл)67-442{Лх1299-51} | ||
| 700 | 1 |
_4070 _7ca _8rus _aЛоу _bР. _f1949-2021 _gРоберт _9239701 _3RU\NLR\AUTH\770239757 |
|
| 801 | 0 |
_aRU _bВладимирская ОУНБ _c20120216 _grcr |
|
| 801 | 1 |
_aRU _bВладимирская ОУНБ _c20120216 _grcr _2rusmarc |
|
| 801 | 2 |
_aRU _bNLR _c20120227 _grcr |
|
| 942 | _cBOOK | ||
| 980 | _aNB | ||
| 980 | _aNBR | ||